00685nam a2200181 a 4500003000200000005001700002008004100019050003600060100001600096245008900112260009200201300004000293504004100333650002500374650002800399650003500427650004100462020250415081510.0071127s19uu xx 00 eng d aPGS BF 637.C53.O55b.Sa253 2007 aSato, Ai F. aConflict management style of S.I.S.C students on playing online games /cAi F. Sato. aLas Piñas City, Philippines : bSouthville International School and Colleges,c2007. a26 pages :billustrations ;c28 cm. aIncludes bibliographical references. aConflict management. aInterpersonal conflict. aOnline gamingvSocial aspects. aVideo gamesvPsychological aspects.